000 003210000a22001330004500
003 MACL
040 _aMACL
090 _c3844
_d3843
100 _aKumar, Narinder
245 _aLibrary Legislation In Haryana
260 _bHaryana Library Association
_c1991
650 _aLibrary And Information Science
942 _cBOOK
_k020
999 _c3811
_d3811